| 000 | 00409nam a22001697a 4500 | ||
|---|---|---|---|
| 003 | OSt | ||
| 005 | 20211202113803.0 | ||
| 008 | 211202b |||||||| |||| 00| 0 eng d | ||
| 020 | _a8170414008 | ||
| 040 | _cHU | ||
| 082 | _a371.3303/ENC | ||
| 100 |
_aE.J.S. LAY _921513 |
||
| 245 | _aENCYCLOPAEDIN OF MODERN METHODS OF TEACHING | ||
| 260 |
_aINDIA _bANMOL _c2007 |
||
| 300 | _a592P | ||
| 942 |
_2ddc _cBOOKS _n0 |
||
| 999 |
_c21153 _d21153 |
||